000 00335 a2200145 4500
001 151373
040 _cEscola São Tomás de Aquino
100 _aRIBEIRO, Jonas
240 1 0 _aGuerra de bombons
_lpor
245 1 0 _aGuerra de bombons
362 0 _a2004
440 1 _aEditora do Brasil
697 _a*LITERATURA INFANTO
942 _cBK
999 _c151373
_d151373